00329nam a2200121Ia 4500008004100000041001200041082001600053100001700069245006300086260003600149300000800185650001400193221030s9999 xx 000 0 und d aEnglish a105.23bSha aB. K. Sharma 0aInstrumental Methods of Chemical Analysiscby B. K. Sharma bKrishan PrakashanaMeerutc2000 a600 aChemistry